000
00288nam a22001337a 4500
008
171005b xxu||||| |||| 00| 0 eng d
020
_a
0123807506
041
_a
eng
080
_a
519.9
100
_a
48
101
_a
PSI
245
_a
PSYCHOLOGICAL STRESS
_c
JANIS,I.L
942
_2
udc
_c
BK
999
_c
31892
_d
31892